000 00957nam a22002295i 4500
001 164689
003 ES-MaACL
005 20230906213000.0
008 050803s1860 fr | |||||||| ||fre d
040 _aCAM
_bspa
_cCAM
080 _a821.131.1-2"18"
100 1 _aSand, George,
_d1804-1876
_9103060
245 1 0 _aTheátre de George Sand.
260 _aParis :
_bMichel Lévy ;
_aBruxelles :
_bMeline, Cans,
_c1860 (
_fImprimerie de J. Claye)
300 _a3 v. ;
_c17 cm.
490 1 _aCollection Hetzel
505 8 _aContiene: T.I (379 p.): François le Champi; Le démond du Foyer; Maitre Favilla; Françoise -- T.II (372 p.): Claudie; Lucie; Le pressoir; Flaminio -- T.III (331 p.): Le mariage de Victorine; Comme il vous plaira; Mauprat
830 0 _aCollection Hetzel
_9188385
852 _aES-MaACL
_jG-14741-14743
_z-- Enc. hol.
852 _aES-MaACL
_jE-12284-85
_z.- Biblioteca Jacinto Martínez Lacalle
999 _c164689
_d164689